000 00710nam a2200205Ia 4500
005 20250508163917.0
008 008 250505s9999 xx 000 0 san d
037 _aTextual
040 _aFEDL
_beng
_cFEDL
041 _asan
_2eng
084 _a891.2, KUL
_qFEDL
100 _aKulshreshtha Jagdish Sahai
245 0 _aSabdarthasaundarya-sahasracandri: Beauty of word and meaning in Sanskrit and English literature
260 _aDelhi, India
_bSanskrit Sangeet Kala Prakashan
_c2001
300 _axxii,434p
490 _aKalidasa academy of Sanskrit music and fine arts series; 8
700 _a Festschrift Sahasracandri
_9776749
942 _cTEXL
_h891.2, KUL
999 _c1385921
_d1385921